000 00628nam a2200121Ia 4500
008 220620s9999||||xx |||||||||||||| ||und||
100 _aŢurcanu-Caruțiu, Daniela||Ioniță, Silviu
245 0 _aChapter Automation of the Expertise of the Roman Mosaic Arts in Constanta: Analytical and Statistical Models for a Fuzzy Inference-Based System
546 _aEnglish[eng]
650 _aautomatic reasoning, expertise, mosaic artifacts, artificial intelligence
856 _uhttps://library.oapen.org/bitstream/20.500.12657/49341/1/72442.pdf||https://library.oapen.org/bitstream/20.500.12657/49341/1/72442.pdf
942 _cEB
999 _c21730
_d21730